000 00479nam a2200145Ia 4500
008 180921t1984 xxu||||| ||||o00| 0 eng d
041 _aeng
080 _aActs Of Sri Lanka Nos.1-48 1984
245 _aActs of Sri Lanka : Parliment of The Democratic Socialist Republic of Sri Lanka Protection of Tenats ( Special Provisions ) ( Amendment ) Act, No.16 of 1984
260 _c1984
300 _a23 cm
942 _cBK
999 _c44678
_d44678
003 LK-CoDNM
040 _aLK-CoDNM
_dLK-CoDNM
_eLK-CoDNM